Central Library OPAC University of Rajshahi

বাঙলাদেশ / (Record no. 55689)

MARC details
000 -LEADER
fixed length control field 00865nam a2200229 a 4500
001 - CONTROL NUMBER
control field 55689
003 - CONTROL NUMBER IDENTIFIER
rucl marc code BD-RjUL
005 - DATE AND TIME OF LATEST TRANSACTION
control field 20211209080312.0
008 - FIXED-LENGTH DATA ELEMENTS--GENERAL INFORMATION
fixed length control field 161121s1974 bg ||||| |||| 00| 0 ben d
020 ## - INTERNATIONAL STANDARD BOOK NUMBER
Terms of availability : Tk. 33.00 (63316) ; Tk. 50.00 (A95462)
035 ## - SYSTEM CONTROL NUMBER
System control number (BD-RjUL)55813
040 ## - CATALOGING SOURCE
Original cataloging agency BD-RjUL
Language of cataloging ben
Transcribing agency BD-RjUL
041 ## - LANGUAGE CODE
Language code of text/sound track or separate title ben
082 ## - DEWEY DECIMAL CLASSIFICATION NUMBER
Edition number 23
Classification number 954.92
Author mark and year BAN 1974
245 00 - TITLE STATEMENT
Title বাঙলাদেশ /
Statement of responsibility, etc. সম্পাদক মনসুর মুসা
260 ## - PUBLICATION, DISTRIBUTION, ETC. (IMPRINT)
Place of publication, distribution, etc. ঢাকা :
Name of publisher, distributor, etc. নওরোজ কিতাবিস্তান,
Date of publication, distribution, etc. ১৯৭৪
300 ## - PHYSICAL DESCRIPTION
Pagination iv, ৫২০,[৮ ] পৃ. :
Illustrations চিত্র ;
Size ২১ সেমি .
651 ## - SUBJECT ADDED ENTRY--GEOGRAPHIC NAME
Geographic name বাংলাদেশ
9 (RLIN) 165867
General subdivision ইতিহাস
Geographic name Bangladesh
9 (RLIN) 165868
General subdivision History
700 ## - ADDED ENTRY--PERSONAL NAME
Personal name মুসা, মনসুর, সম্পাদক
942 ## - ADDED ENTRY ELEMENTS (KOHA)
Source of classification or shelving scheme Dewey Decimal Classification
Koha item type Books
Holdings
Lost status Source of classification or shelving scheme Damaged status Not for loan Collection code Permanent Location Current Location Shelving location Date acquired Source of acquisition Cost, normal purchase price Total Checkouts Full call number Date last seen Date checked out Copy number Koha item type
  Dewey Decimal Classification     Non-fiction Central Library, University of Rajshahi Central Library, University of Rajshahi   27/02/1975 Nawroge kitabstan, Dhaka 33.00 1 B 954.92 BAN 1974 11/12/2024 20/11/2024 C-2 Books
  Dewey Decimal Classification   Not For Loan Non-fiction Central Library, University of Rajshahi Central Library, University of Rajshahi Reading Room 27/02/1975 Nowrose, Dhaka 33.00   B 954.92 BAN 1974 15/05/2017   C-1 Books
  Dewey Decimal Classification     Non-fiction Central Library, University of Rajshahi Central Library, University of Rajshahi   27/02/1975 Dacca, Nawroze Kitabistan 33.00   B 954.92 BAN 1974 29/11/2021   C-3 Books
  Dewey Decimal Classification     Non-fiction Central Library, University of Rajshahi Central Library, University of Rajshahi   07/08/1983 Rajshahi, Aligorh Library 50.00   B 954.92 BAN 1974 29/11/2021   C-4 Books